000 00446nam a22001817a 4500
005 20240930145344.0
008 240914b |||||||| |||| 00| 0 eng d
020 _a9788173716065
041 _aeng
082 _a005.73
_bHOR
100 _aHorowitz E.
_9130183
245 _aFundamental Of Data Structures In C++
260 _bPearson
_c2016
300 _a694
365 _aRs
_b1.00
700 _aHorowitz E.Sahani S.Mehta D.
942 _cBK
999 _c359630
_d359630